fake NEWS Detection on X Twitter Using Machine Learning Techniques ( Thesis MS) (Record no. 69081)

MARC details
000 -LEADER
fixed length control field 00407nam a22001217a 4500
100 ## - MAIN ENTRY--AUTHOR NAME
Personal name Sundas Tasleem
-- 21-MSIT-28
-- Supervisor - Dr. Mehwish Leghari
245 ## - TITLE STATEMENT
Title fake NEWS Detection on X Twitter Using Machine Learning Techniques ( Thesis MS)
260 ## - PUBLICATION, DISTRIBUTION, ETC. (IMPRINT)
Place of publication Nawabshah
Name of publisher QUEST
Year of publication 2025
300 ## - PHYSICAL DESCRIPTION
Number of Pages 92p.
700 ## - ADDED ENTRY--PERSONAL NAME
Personal name Department of Information Technology
942 ## - ADDED ENTRY ELEMENTS (KOHA)
Koha item type Thesis and Dissertation
Holdings
Withdrawn status Lost status Home library Current library Date acquired Accession Number Koha item type
    Research Section Research Section 29/06/2026 MP/98-1437 Thesis and Dissertation
    Research Section Research Section 29/06/2026 MP/98-1438 Thesis and Dissertation